Oeuvres poétiques /

Bibliographic Details
Main Author: Du Bellay, Joachim, approximately 1522-1560
Corporate Author: Société des textes français modernes (Paris, France)
Other Authors: Chamard, Henri, 1867-1920, Weber, Henri, professeur
Format: Book
Language:French
Published: Paris : M. Didier, [1970-]
Edition:5e tirage rev. et corr. avec un cahier additionnel remis à jour en 1969 par Henri Weber.

MARC

Tag First Indicator Second Indicator Subfields
LEADER 00000cam a2200000 a 4500
001 in00000027152
005 20151007055916.0
008 840404m19709999fr b 00010 fre d
035 |a (OCoLC)15380034 
035 |9 AAB9625AM 
040 |a NJR  |c NJR  |d m/c  |d TXA  |d UtOrBLW 
049 |a TXAM  |v 2 [A11689806] 
050 4 |a PQ1668  |b .A1 1970 
100 1 |a Du Bellay, Joachim,  |d approximately 1522-1560. 
240 1 0 |a Poems.  |f 1970 
245 1 0 |a Oeuvres poétiques /  |c Joachim du Bellay ; édition critique publiee par Henri Chamard. 
250 |a 5e tirage rev. et corr. avec un cahier additionnel remis à jour en 1969 par Henri Weber. 
264 1 |a Paris :  |b M. Didier,  |c [1970-] 
300 |a volumes ;  |c 19 cm. 
336 |a text  |b txt  |2 rdacontent 
337 |a unmediated  |b n  |2 rdamedia 
338 |a volume  |b nc  |2 rdacarrier 
500 |a At head of title: Société des textes français modernes. 
504 |a Includes bibliographies 
700 1 |a Chamard, Henri,  |d 1867-1920. 
700 1 |a Weber, Henri,  |c professeur. 
710 2 |a Société des textes français modernes (Paris, France) 
999 |a MARS 
999 f f |s f881e3e6-a097-3ec7-90b4-e783dd083829  |i 30cb570d-063d-30ee-91ef-5fd8a52b1056  |t 0 
952 f f |p normal  |a Texas A&M University  |b College Station  |c Sterling C. Evans Library  |d Evans: Library Stacks  |t 0  |e PQ1668 .A1 1970  |h Library of Congress classification  |i unmediated -- volume  |k v.2  |m A14811689806 
998 f f |a PQ1668 .A1 1970  |s v.2  |t 0  |l Evans: Library Stacks